Top Cheese-Consuming Countries Quiz Stats

 Plays Quiz not verified by Sporcle

Challenge
Share
Tweet
Embed
Score 0/8 Timer 01:00
0 Plays Today
Amount Consumed Per Person Per Year Country % Correct
24.0 kilogramsFrance
95.5%
20.2 kilogramsGermany
86%
22.9 kilogramsItaly
84.7%
20.6 kilogramsSwitzerland
71.3%
19.9 kilogramsNetherlands
62.1%
19.5 kilogramsAustria
51.3%
27.3 kilogramsGreece
48.5%
17.9 kilogramsSweden
46.6%

You're not logged in!

Compare scores with friends on all Sporcle quizzes.
OR
Log In

You Might Also Like...

Show Comments

Extras

Top Quizzes Today


Score Distribution

Your Account Isn't Verified!

In order to create a playlist on Sporcle, you need to verify the email address you used during registration. Go to your Sporcle Settings to finish the process.

Report this User

Report this user for behavior that violates our Community Guidelines.

Details: